Curso superior de derecho tributario (Registro nro. 1004)
[ vista simple ]
| 000 -LEADER | |
|---|---|
| fixed length control field | 01022 a2200205 4500 |
| 001 - CONTROL NUMBER | |
| control field | 22388 |
| 005 - DATE AND TIME OF LATEST TRANSACTION | |
| control field | 20260407155515.0 |
| 008 - FIXED-LENGTH DATA ELEMENTS--GENERAL INFORMATION | |
| fixed length control field | 260407a1969 arg spa d |
| 003 - CONTROL NUMBER IDENTIFIER | |
| control field | AR-UNSa-BCEJYS |
| 040 ## - CATALOGING SOURCE | |
| Original cataloging agency | AR-UNSa-BCEJYS |
| Language of cataloging | spa |
| Transcribing agency | AR-UNSa-BCEJYS |
| 080 ## - UNIVERSAL DECIMAL CLASSIFICATION NUMBER | |
| Universal Decimal Classification number | 336.2 |
| Common auxiliary subdivision | Ingresos públicos (Derecho tributario) |
| 041 ## - LANGUAGE CODE | |
| Language code of text/sound track or separate title | spa |
| 100 1# - MAIN ENTRY--PERSONAL NAME | |
| Personal name | Jarach, Dino |
| 245 10 - TITLE STATEMENT | |
| Title | Curso superior de derecho tributario |
| 264 #1 - PRODUCTION, PUBLICATION, DISTRIBUTION, MANUFACTURE, AND COPYRIGHT NOTICE | |
| Place of production, publication, distribution, manufacture | Buenos Aires : |
| Name of producer, publisher, distributor, manufacturer | Liceo Profesional Cima |
| Date of production, publication, distribution, manufacture, or copyright notice | 1969 |
| 300 ## - PHYSICAL DESCRIPTION | |
| Extent | 500 p. |
| Dimensions | 25 cm. |
| 505 ## - FORMATTED CONTENTS NOTE | |
| Formatted contents note | 1. Nociones preliminares - 2. El poder fiscal: distribución de facultades impositivas. Derecho tributario interestadual - 3. Límites constitucionales al ejercicio del poder fiscal - 4. Relación jurídica tributaria - 5. Nacimiento y extinción de la obligación tributaria - 6. Naturaleza e interpretación de las normas tributarias sustantivas - 7. Derecho tributario penal - 8. Derecho tributario administrativo - 9. Derecho tributario procesal |
| 590 ## - LOCAL NOTE (RLIN) | |
| Local note | niveau_biblio:m niveau_hierar:0 |
| 942 ## - ADDED ENTRY ELEMENTS (KOHA) | |
| Koha item type | |
| Withdrawn status | Lost status | Damaged status | Not for loan | Home library | Current library | Shelving location | Date acquired | Total checkouts | Full call number | Barcode | Date last seen | Price effective from | Koha item type |
|---|---|---|---|---|---|---|---|---|---|---|---|---|---|
| Biblioteca Prof. Eusebio Cleto del Rey | Biblioteca Prof. Eusebio Cleto del Rey | 07/04/2026 | 336.2 J37/1969 v.1 | L22875 | 07/04/2026 | 07/04/2026 | Libro | ||||||
| Biblioteca Prof. Eusebio Cleto del Rey | Biblioteca Prof. Eusebio Cleto del Rey | 07/04/2026 | 336.2 J37/1969 v.1 | L21556 | 07/04/2026 | 07/04/2026 | Libro | ||||||
| Biblioteca Prof. Eusebio Cleto del Rey | Biblioteca Prof. Eusebio Cleto del Rey | 07/04/2026 | 336.2 J37/1969 v.1 | L22874 | 07/04/2026 | 07/04/2026 | Libro |